Logo BPK

Biblioteka

Politechniki Koszalińskiej

Metody badań stosowane w ocenie narządu ruchu i w chorobach wewnętrznych : (Rekord nr 42824)

Szczegóły MARC
000 -ETYKIETA REKORDU
podpole kontrolne o stałej długości 00902nam a2200253 i 4500
001 - NUMER KONTROLNY REKORDU
pole kontrolne bg
040 ## - ŹRÓDŁO KATALOGOWANIA
Instytucja, która utworzyła rekord BPK
041 0# - KOD JĘZYKA
Kod języka tekstu pol
080 ## - UNIWERSALNA KLASYFIKACJA DZIESIĘTNA - UKD
UKD 616-07(075.8)
008 - POLE O STAŁEJ DŁUGOŚCI - DANE KONTROLNE
podpole kontrolne o stałej długości s pl f |000 0 pol
100 1# - NAZWA OSOBOWA
Nazwa osobowa TUBEK, Iwona
245 10 - TYTUŁ/ODPOWIEDZIALNOŚĆ
Tytuł Metody badań stosowane w ocenie narządu ruchu i w chorobach wewnętrznych :
Ciąg dalszy tytułu skrypt dla studentów fizjoterapii i wychowania fizycznego /
Pozostałe elementy strefy tytułu i oznaczenia odpowiedzialności Iwona Tubek, Sławomir Tubek, Renata Szyguła.
260 ## - STREFA ADRESU WYDAWNICZEGO
Miejsce wydania Opole :
Nazwa wydawcy/dystrybutora Oficyna Wydawnicza PO,
Data publikacji, dystrybucji/powstania dokumentu 2002.
300 ## - STREFA OPISU FIZYCZNEGO
Objętość 89, [1] s. ;
Rozmiary 24 cm.
490 1# - STREFA SERII I DOKUMENTU WIELOCZĘŚCIOWEGO - FORMA NIE DO WYSZUKIWANIA
Tytuł i oznaczenie odpowiedzialności serii Skrypt / Politechnika Opolska,
ISSN 1427-9932 ;
Numeracja w obrębie serii nr 247
504 ## - UWAGA DOTYCZĄCA BIBLIOGRAFII
Informacje o bibliografii Bibliogr.
650 #9 - HASŁO PRZEDMIOTOWE W FORMIE NAZWY OGÓLNEJ LUB JEDNOSTKOWEJ
Nazwa ogólna lub geograficzna Układ ruchu
Określnik ogólny choroby
-- diagnostyka
650 #9 - HASŁO PRZEDMIOTOWE W FORMIE NAZWY OGÓLNEJ LUB JEDNOSTKOWEJ
Nazwa ogólna lub geograficzna Choroby wewnętrzne
Określnik ogólny diagnostyka
-- metody
655 ## - TERMIN INDEKSOWY - OKREŚLENIE RODZAJU/FORMY DOKUMENTU
Określenie rodzaju/formy dokumentu Podręczniki akademickie
700 1# - HASŁO DODATKOWE - NAZWA OSOBOWA
Nazwa osobowa TUBEK, Sławomir
700 1# - HASŁO DODATKOWE - NAZWA OSOBOWA
Nazwa osobowa SZYGUŁA, Renata
830 #0 - HASŁO DODATKOWE SERII LUB DOKUMENTU WIELOCZĘŚCIOWEGO - TYTUŁ UJEDNOLICONY
Tytuł ujednolicony Skrypt (Politechnika Opolska) ;
Oznaczenie tomu nr 247
856 ## - LOKALIZACJA I DOSTĘP DO ELEKTRONICZNYCH DOKUMENTÓW ZDALNYCH
Link (URL) http://koha.tu.koszalin.pl/cgi-bin/koha/opac-detail.pl?biblionumber=42824
Tekst linku Katalog online BPK
942 ## - DODATKOWE ELEMENTY (KOHA)
Typ dokumentu Książka
Egzemplarze
Wycofany Status egzemplarza Uszkodzony Dostępność Lokalizacja stała Lokalizacja bieżąca Miejsce przechowywania Sygnatura Kod kreskowy Typ dokumentu
      Dostępny Biblioteka Politechniki Koszalińskiej Biblioteka Politechniki Koszalińskiej Wypożyczalnia BG 67542 01913842 Książka
© 2023 Biblioteka Politechniki Koszalińskiej :: KOHA